00000000cam 2200000zi 4500
0019.961614
003CaOODSP
00520260527080159
006m     o  d f      
007cr bn|||||||||
008260402e200112##onc     of   f000 0 eng d
040 |aCaOODSP|beng|erda|cCaOODSP
043 |an-cn---
0861 |aT52-4/293-2001E-PDF
24500|aQualification test guide : |bCAR Part IV : flight training devices, level 2 or 5, aeroplane.
250 |aSecond edition.
264 1|a[Ottawa] : |bTransport Canada, Safety and Security, Civil Aviation = Transports Canada, Sécurité et sûreté, Aviation civile, |cDecember 2001.
300 |a1 online resource (25 pages, 1 unnumbered page)
336 |atext|btxt|2rdacontent
337 |acomputer|bc|2rdamedia
338 |aonline resource|bcr|2rdacarrier
500 |aIssued also in French under title: Guide des essais de qualification : RAC Partie IV, dispositif d'entrainement de vol - avion, niveau 2 ou 5.
500 |a"TP 13799E."
520 |a"This reference sets out the minimum data required for the initial and recurrent Flight Training device (FTD) certification. It is intended for the use of the FTD operator to complete the initial and recurrent certification validation tests. The initial qualification has a dual purpose, firstly to ensure that the handling characteristics and performance of the FTD are comparable to the aircraft type presented and secondly, to establish some baseline values for the annual validation tests. The subsequent annual validation tests should that the FTD performance remains within the tolerances to maintain certification. … Once completed, this Qualification Test Guide (QTG) is to be retained on file by the FTD operator for future reference during recurrent validation tests. A Transport Canada - Civil Aviation Inspector shall monitor the conduct of the initial validation test and may monitor recurrent validation tests."
650 0|aFlight simulators|xCertification|zCanada|vHandbooks, manuals, etc.
650 0|aFlight simulators|xTesting|vHandbooks, manuals, etc.
655 7|aHandbooks and manuals|2lcgft
7101 |aCanada. |bTransport Canada. |bSafety and Security, |eissuing body.
7101 |aCanada. |bCivil Aviation, |eissuing body.
77508|tGuide des essais de qualification : |w(CaOODSP)9.963106
85640|qPDF|s56.40 KB|uhttps://publications.gc.ca/collections/collection_2026/tc/T52-4-293-2001-eng.pdf
8564 |qHTML|sN/A|uhttps://tc.canada.ca/en/aviation/publications/flight-training-devices-tp-13799
986 |aTP 13799E